| 000 | 00346nam a2200145Ia 4500 | ||
|---|---|---|---|
| 008 | 150201s2010 xx 000 0 und d | ||
| 082 |
_a617.5 _bM2010D |
||
| 100 | _aDAS,S. | ||
| 245 | 2 | _aA MANUAL OF CLINICAL SURGERY | |
| 250 | _a8TH | ||
| 260 |
_bS.DAS.PUBLICATION _aKOLKATA _c2010 |
||
| 300 | _a1-586 | ||
| 650 | _aSURGERY | ||
| 942 |
_2ddc _cBK _08 |
||
| 999 |
_c4502 _d4502 |
||